000 00294 a2200133 4500
000 nam a22 7a 4500
100 _aPaul A. Samuelson
110 _aPaul A. Samuelson
245 _aEconomics
250 _alatest edition
260 _bMcGraw-Hill
264 _bMcGraw-Hill
942 _cBK
999 _c396989
_d396989